000 01135nam a22003137a 4500
001 BR0100843
003 BR-BrBNA
005 20230928100818.0
007 ta
008 230509b bl.||||| |||| 00| 0 por d
040 _aBR-BrBNA
_bpor
_cBiblioteca Nacional de Agricultura
041 _a(Por)
072 _aD10; C10
090 _ D10 BR0100843
110 1 _aPlanejar Processamento de Dados Ltda., Canoas, RS (Brasil)
_97807
245 1 _aCurso de administracao e gerencia agropecuaria por tutoria a distancia
260 3 _aCanoas, RS (Brasil):
_c1998.
300 _avp.
500 _aO kit contem: A informatica na Agropecuaria; Manual de Administracao Rural; Gerencia Agropecuaria - Analise de Resultados; Caderno de exercicio; software ADM Rural for Windows; Manual de instalacoes de uso do software e 100 horas aula + imersao de 8 horas aula na Sede da FUNDATEC
650 _aAdministracao Rural
650 _aInformatica
650 _aQualidade
650 _aTecnologia Agricola
650 _aAdministrador
650 _aCurso
650 _aTreinamento
909 _a202309
_bLucia
_c55
_dLucia Elande
942 _cBK
999 _c62924
_d62924